Geomatics / (Record no. 15274)

MARC details
000 -LEADER
fixed length control field 01073cam a2200301 i 4500
001 - CONTROL NUMBER
control field 12656142
003 - CONTROL NUMBER IDENTIFIER
control field EG-ScBUE
005 - DATE AND TIME OF LATEST TRANSACTION
control field 20250109095410.0
008 - FIXED-LENGTH DATA ELEMENTS--GENERAL INFORMATION
fixed length control field 020125s2003 njuab f b 001 0 eng d
020 ## - INTERNATIONAL STANDARD BOOK NUMBER
International Standard Book Number 013032289X
020 ## - INTERNATIONAL STANDARD BOOK NUMBER
International Standard Book Number 9780130322890
040 ## - CATALOGING SOURCE
Original cataloging agency DLC
Language of cataloging eng
Description conventions rda
Transcribing agency DLC
Modifying agency DLC
-- EG-ScBUE
082 04 - DEWEY DECIMAL CLASSIFICATION NUMBER
Classification number 526.9
Edition number 22
Item number KAV
100 1# - MAIN ENTRY--PERSONAL NAME
Personal name Kavanagh, Barry F.,
Relator term author.
9 (RLIN) 23783
245 10 - TITLE STATEMENT
Title Geomatics /
Statement of responsibility, etc Barry F. Kavanagh.
264 #1 - PUBLICATION, DISTRIBUTION, ETC. (IMPRINT)
Place of publication, distribution, etc Upper Saddle River, NJ :
Name of publisher, distributor, etc Prentice Hall,
Date of publication, distribution, etc 2003.
300 ## - PHYSICAL DESCRIPTION
Extent xii, 589 pages :
Other physical details illustrations (some color), color maps ;
Dimensions 29 cm
336 ## - CONTENT TYPE
Source rdacontent
Content type term text
Content type code txt
337 ## - MEDIA TYPE
Media type term unmediated
Source rdamedia
Media type code n
338 ## - CARRIER TYPE
Carrier type term volume
Carrier type code nc
Source rdacarrier
504 ## - BIBLIOGRAPHY, ETC. NOTE
Bibliography, etc Includes bibliographical references and index.
650 #7 - SUBJECT ADDED ENTRY--TOPICAL TERM
Topical term or geographic name as entry element Surveying.
Source of heading or term BUEsh
9 (RLIN) 23784
650 #7 - SUBJECT ADDED ENTRY--TOPICAL TERM
Topical term or geographic name as entry element Geomatics.
Source of heading or term BUEsh
9 (RLIN) 23785
653 ## - INDEX TERM--UNCONTROLLED
Arrived date list May2011
655 ## - INDEX TERM--GENRE/FORM
Form subdivision Reading book
942 ## - ADDED ENTRY ELEMENTS (KOHA)
Source of classification or shelving scheme Dewey Decimal Classification
Koha item type Book - Borrowing
Holdings
Withdrawn status Lost status Source of classification or shelving scheme Damaged status Not for loan Collection code Home library Current library Shelving location Date acquired Source of acquisition Cost, normal purchase price Serial Enumeration / chronology Total Checkouts Total Renewals Full call number Barcode Date last seen Date checked out Price effective from Koha item type
    Dewey Decimal Classification     Baccah Central Library Central Library First floor 12/05/2011 Purchase 180.00 12088 3 23 526.9 KAV 000023542 15/07/2025 17/03/2015 12/05/2011 Book - Borrowing